| 000 | 00463nam a2200193Ia 4500 | ||
|---|---|---|---|
| 005 | 20250603145137.0 | ||
| 008 | 250603s9999 xx 000 0 und d | ||
| 020 | _a13-978-0-321-55398-0 | ||
| 050 | _aHF 1359 .K78/ | ||
| 100 | _aPaul R Krugman | ||
| 245 | 0 | _aInternational Economics : Theory and Policy | |
| 250 | _a8th ed. | ||
| 260 | _aBoston | ||
| 260 | _bPearson Education | ||
| 260 | _c2009 | ||
| 300 | _a706 p | ||
| 650 | _aBoston | ||
| 942 | _cBK | ||
| 999 |
_c41004 _d41004 |
||